01445nam a2200349 a 4500003000900000005001700009008004100026020001800067040001300085111007300098245010000171260006000271300002400331500006900355500022800424504005400652650002500706650002600731650002800757650003100785650002800816651001900844651002100863653002500884653002200909653002000931653002200951653002300973653003400996700003101030700003401061AR-BaBNM20251128204028.0082120s2002 ||||||||||||||000 | spa|| a0-88936-320-X cAR-BaBNM2 aSeminario sobre Investigación PreescolarcBogotá, Colombiad198100aEvitando el fracaso escolarbrelación entre la educación preescolar y la primaria : informe aOttawabInternational Development Research Centrec1983 a184 p.bil., tablas aCIID: CENTRO INTERNACIONAL DE INVESTIGACIONES PARA EL DESARROLLO aEl CIID es una corporación pública creada en 1970 por el Parlamento de Canadá con el objeto de apoyar la investigación destinada a adaptar la ciencia y la tecnología a las necesidades de los países en desarrollo aContiene bibliografía al final de cada ponencia 4aPAISES EN DESARROLLO 4aDIFERENCIACION SOCIAL 4aDIFERENCIACION CULTURAL 4aNIÑOS DE EDAD PREESCOLAR 4aDESARROLLO COGNOSCITIVO 4aEstados Unidos 4aAmérica Latina aINVESTIGACION ACCION aEDUCACION INICIAL aFRACASO ESCOLAR aEDUCACION INICIAL aEDUCACION PRIMARIA aNIÑOS DE JARDIN DE INFANTES1 aKing, Kennetheprologuista1 aMyers, Robert G.eprologuista